[Event "FRA T II 20102011"]
[Site "FRA"]
[Date "2010.11.13"]
[Round "2.1"]
[White "Huerga Leache, Mikel"]
[Black "Petitcunot, Pierre"]
[Result "1-0"]
[WhiteElo "2415"]
[BlackElo "2403"]
[PlyCount "59"]
[EventDate "2010.11.13"]
[EventType "team-match"]
[EventRounds "9"]
[EventCountry "FRA"]
[Source "FFE"]
[SourceDate "2010.10.29"]
[WhiteTeamCountry "FRA"]
[BlackTeamCountry "FRA"]

1. e4 g6 2. d4 c6 3. Nc3 d5 4. e5 f6 5. f4 Nh6 6. Be2 Bg7 7. Be3 O-O 8. Qd2 Ng4
9. Bxg4 Bxg4 10. h3 Be6 11. Nf3 b5 12. g4 Nd7 13. Ne2 Qc8 14. f5 gxf5 15. Bh6
Rf7 16. Bxg7 Kxg7 17. Nf4 Nf8 18. g5 Kh8 19. gxf6 exf6 20. Rg1 Qc7 21. exf6
Rxf6 22. Ne5 Bg8 23. Qf2 Rh6 24. O-O-O Qe7 25. Qg3 Ne6 26. Rde1 Nxf4 27. Qxf4
Qd6 28. Rxg8+ Kxg8 29. Rg1+ Kf8 30. Qxf5+ 1-0

[Event "FRA T II 20102011"]
[Site "FRA"]
[Date "2010.11.14"]
[Round "3.3"]
[White "Guilleux, Fabien"]
[Black "Jadoul, Michel"]
[Result "1-0"]
[WhiteElo "2390"]
[BlackElo "2309"]
[PlyCount "55"]
[EventDate "2010.11.13"]
[EventType "team-match"]
[EventRounds "9"]
[EventCountry "FRA"]
[Source "FFE"]
[SourceDate "2010.10.29"]
[WhiteTeamCountry "FRA"]
[BlackTeamCountry "FRA"]

1. d4 c6 2. c4 b5 3. cxb5 cxb5 4. e4 Bb7 5. f3 a6 6. Be3 e6 7. Bd3 Nf6 8. Ne2
d6 9. O-O Be7 10. a4 bxa4 11. Nbc3 O-O 12. Rxa4 Nc6 13. Qb3 Qc7 14. Nf4 Rfb8
15. d5 Ne5 16. dxe6 Nxd3 17. exf7+ Kh8 18. Nxd3 Bxe4 19. Nb4 d5 20. Rxa6 Rxa6
21. Nxa6 Rxb3 22. Nxc7 Bg6 23. Ra1 Bxf7 24. Ra8+ Bg8 25. N7xd5 Nxd5 26. Nxd5
Bd6 27. Bd4 Rd3 28. Nf6 1-0

[Event "FRA T II 20102011"]
[Site "FRA"]
[Date "2010.11.13"]
[Round "2.4"]
[White "Larrat, Philippe"]
[Black "Titli, Vincent Christian"]
[Result "1-0"]
[WhiteElo "2185"]
[BlackElo "2134"]
[PlyCount "53"]
[EventDate "2010.11.13"]
[EventType "team-match"]
[EventRounds "9"]
[EventCountry "FRA"]
[Source "FFE"]
[SourceDate "2010.10.29"]
[WhiteTeamCountry "FRA"]
[BlackTeamCountry "FRA"]

1. e4 e5 2. Nf3 Nc6 3. Bb5 a6 4. Ba4 Nf6 5. d4 exd4 6. O-O Be7 7. Re1 d6 8.
Nxd4 Bd7 9. Nxc6 bxc6 10. Nc3 O-O 11. Bf4 Ne8 12. Qd3 Bg5 13. Bg3 Bh4 14. Qc4
Bxg3 15. hxg3 c5 16. Bxd7 Qxd7 17. Rad1 Qg4 18. Nd5 Kh8 19. Rd3 Rb8 20. b3 c6
21. Ne3 Qc8 22. Nf5 d5 23. Qxc5 Nf6 24. Nd6 Nxe4 25. Rxe4 dxe4 26. Nxc8 exd3
27. Qxf8# 1-0

[Event "FRA T II 20102011"]
[Site "FRA"]
[Date "2010.11.13"]
[Round "2.7"]
[White "Beranger, Nicolas"]
[Black "Van Rompu, Alexandre"]
[Result "1-0"]
[WhiteElo "2110"]
[BlackElo "2112"]
[PlyCount "49"]
[EventDate "2010.11.13"]
[EventType "team-match"]
[EventRounds "9"]
[EventCountry "FRA"]
[Source "FFE"]
[SourceDate "2010.10.29"]
[WhiteTeamCountry "FRA"]
[BlackTeamCountry "FRA"]

1. e4 c5 2. Nf3 a6 3. d4 cxd4 4. Nxd4 Nf6 5. Nc3 e5 6. Nb3 Bb4 7. Bd3 d5 8.
exd5 Qxd5 9. O-O Bxc3 10. bxc3 O-O 11. c4 Qc6 12. Bb2 Re8 13. Re1 Qc7 14. Qf3
Nc6 15. Qg3 Nh5 16. Qh4 g6 17. f4 f6 18. f5 Qf7 19. fxg6 hxg6 20. Re3 Kg7 21.
Rf1 f5 22. g4 Nf6 23. gxf5 Rh8 24. Qg3 Rh6 25. fxg6 1-0

[Event "FRA T II 20102011"]
[Site "FRA"]
[Date "2010.10.17"]
[Round "1.5"]
[White "Hameau, Cyril"]
[Black "Plantet, Marc"]
[Result "1-0"]
[WhiteElo "1946"]
[BlackElo "1959"]
[PlyCount "47"]
[EventDate "2010.11.13"]
[EventType "team-match"]
[EventRounds "9"]
[EventCountry "FRA"]
[Source "FFE"]
[SourceDate "2010.10.29"]
[WhiteTeamCountry "FRA"]
[BlackTeamCountry "FRA"]

1. e4 c6 2. d4 d5 3. e5 c5 4. Nf3 cxd4 5. Nxd4 e6 6. Nd2 Ne7 7. f4 Nbc6 8. N2b3
Ng6 9. Be3 Be7 10. c3 O-O 11. Bd3 Nh4 12. O-O Bd7 13. g4 f6 14. exf6 Bxf6 15.
Nxc6 bxc6 16. g5 Be7 17. Bxh7+ Kxh7 18. Qh5+ Kg8 19. Qxh4 Rb8 20. Qh5 Rf5 21.
Nd4 Be8 22. Qh3 Rf8 23. Nxe6 Qc8 24. f5 1-0

[Event "FRA T II 20102011"]
[Site "FRA"]
[Date "2010.11.14"]
[Round "3.1"]
[White "Grimberg, Gilbert"]
[Black "Onkoud, Abdelaziz"]
[Result "0-1"]
[WhiteElo "2294"]
[BlackElo "2375"]
[PlyCount "43"]
[EventDate "2010.11.13"]
[EventType "team-match"]
[EventRounds "9"]
[EventCountry "FRA"]
[Source "FFE"]
[SourceDate "2010.10.29"]
[WhiteTeamCountry "FRA"]
[BlackTeamCountry "FRA"]

1. d4 Nf6 2. Nf3 e6 3. c4 c5 4. d5 exd5 5. cxd5 Bd6 6. g3 O-O 7. Bg2 Re8 8. O-O
Bf8 9. Nc3 d6 10. Nd2 Na6 11. b3 Rb8 12. Bb2 b5 13. a4 b4 14. Ncb1 Nc7 15. e4
Ba6 16. Re1 Nd7 17. Bf1 Bxf1 18. Kxf1 Ne5 19. Bxe5 Rxe5 20. Nc4 Re8 21. Qf3 Qd7
22. Nbd2 {suite illisible} 0-1

[Event "FRA T II 20102011"]
[Site "FRA"]
[Date "2010.11.14"]
[Round "3.5"]
[White "Migot, Tangi"]
[Black "Godart, Francois"]
[Result "1/2-1/2"]
[WhiteElo "2250"]
[BlackElo "2261"]
[PlyCount "41"]
[EventDate "2010.11.13"]
[EventType "team-match"]
[EventRounds "9"]
[EventCountry "FRA"]
[Source "FFE"]
[SourceDate "2010.10.29"]
[WhiteTeamCountry "FRA"]
[BlackTeamCountry "FRA"]

1. e4 c6 2. d4 d5 3. Nc3 dxe4 4. Nxe4 Bf5 5. Ng3 Bg6 6. h4 h6 7. Nf3 Nd7 8. h5
Bh7 9. Bd3 Bxd3 10. Qxd3 e6 11. Bd2 Ngf6 12. O-O-O Be7 13. Ne4 Nxe4 14. Qxe4
Nf6 15. Qd3 Qd5 16. c4 Qe4 17. Qb3 O-O 18. Rde1 Qh7 19. Qxb7 Rfe8 20. Qb3 Ng4
21. Re2 {suite illisible} 1/2-1/2

[Event "FRA T II 20102011"]
[Site "FRA"]
[Date "2010.11.14"]
[Round "3.5"]
[White "Grichkevitch, Gilles"]
[Black "Miller, Vincent"]
[Result "1-0"]
[WhiteElo "2074"]
[BlackElo "2062"]
[PlyCount "23"]
[EventDate "2010.11.13"]
[EventType "team-match"]
[EventRounds "9"]
[EventCountry "FRA"]
[Source "FFE"]
[SourceDate "2010.10.29"]
[WhiteTeamCountry "FRA"]
[BlackTeamCountry "FRA"]

1. e4 c6 2. d4 d5 3. e5 c5 4. dxc5 Nc6 5. Nf3 e6 6. a3 a5 7. Bd3 Bxc5 8. O-O
Nge7 9. Qe2 Ng6 10. Nc3 Bd7 11. Nb5 Qb6 12. h4 {suite illisible} 1-0

[Event "FRA T II 20102011"]
[Site "FRA"]
[Date "2010.11.14"]
[Round "3.6"]
[White "Rojas Guerra, Julio"]
[Black "Chokbengboun, Thomas"]
[Result "1/2-1/2"]
[WhiteElo "2083"]
[BlackElo "1972"]
[PlyCount "120"]
[EventDate "2010.11.13"]
[EventType "team-match"]
[EventRounds "9"]
[EventCountry "FRA"]
[Source "FFE"]
[SourceDate "2010.10.29"]
[WhiteTeamCountry "FRA"]
[BlackTeamCountry "FRA"]

1. e4 c6 2. Nc3 d5 3. Nf3 dxe4 4. Nxe4 Nf6 5. Nxf6+ gxf6 6. d4 Bg4 7. Be2 e6 8.
h3 Bh5 9. Be3 Nd7 10. g4 Bg6 11. Nh4 Be7 12. Nxg6 hxg6 13. Qd2 Qc7 14. O-O-O
O-O-O 15. Kb1 Bd6 16. f4 f5 17. g5 Kb8 18. h4 Rh7 19. h5 gxh5 20. Rxh5 Rdh8 21.
Rxh7 Rxh7 22. Bf3 Nf8 23. c4 Ng6 24. d5 exd5 25. cxd5 c5 26. Qc2 Rh3 27. Qg2
Rh4 28. Rh1 Rxh1+ 29. Qxh1 Bxf4 30. Bh5 Be5 31. Bf3 Qb6 32. Qc1 Bd6 33. Qc2 f4
34. Bf2 Qc7 35. Bh5 Ne5 36. Qf5 f3 37. Bxf3 Nxf3 38. Qxf3 Qe7 39. Be3 Kc7 40.
Kc2 a6 41. Kd3 b6 42. Qe4 b5 43. Qxe7+ Bxe7 44. Ke4 Kd7 45. Ke5 Bd6+ 46. Kf6
Ke8 47. Bd2 Be7+ 48. Kf5 Kd7 49. Bf4 c4 50. a3 a5 51. Bd2 b4 52. axb4 axb4 53.
Ke4 c3 54. bxc3 bxc3 55. Bc1 Kd6 56. Kd4 c2 57. Bf4+ Kd7 58. Kd3 Bd6 59. Bc1
Be7 60. Kxc2 Bxg5 1/2-1/2

[Event "FRA T II 20102011"]
[Site "FRA"]
[Date "2010.11.14"]
[Round "3.5"]
[White "Dionisi, Thomas"]
[Black "Lebrun, Xavier"]
[Result "1-0"]
[WhiteElo "2192"]
[BlackElo "2165"]
[PlyCount "103"]
[EventDate "2010.11.13"]
[EventType "team-match"]
[EventRounds "9"]
[EventCountry "FRA"]
[Source "FFE"]
[SourceDate "2010.10.29"]
[WhiteTeamCountry "FRA"]
[BlackTeamCountry "FRA"]

1. e4 e5 2. Nf3 Nc6 3. Bb5 a6 4. Bxc6 dxc6 5. O-O f6 6. d4 Bg4 7. dxe5 Qxd1 8.
Rxd1 fxe5 9. Rd3 Bd6 10. Nbd2 b5 11. b3 Ne7 12. Bb2 Ng6 13. g3 O-O 14. Kg2 Rae8
15. h3 Bc8 16. Nf1 c5 17. N3d2 Rf7 18. Ne3 Ne7 19. f3 Nc6 20. Nd5 Be6 21. Nf1
Ref8 22. Nh2 Nd4 23. c3 c4 24. cxd4 cxd3 25. dxe5 Bc5 26. Rd1 Rd7 27. Nf4 Rxf4
28. gxf4 g6 29. Ng4 Kf7 30. Nf6 Rd8 31. Nxh7 Be7 32. Ng5+ Bxg5 33. fxg5 c5 34.
Bc3 b4 35. Bd2 a5 36. Rc1 Rc8 37. Kf2 c4 38. bxc4 Rxc4 39. Rxc4 Bxc4 40. Ke3
Bxa2 41. Kxd3 Ke6 42. Kd4 b3 43. Bc1 Bb1 44. h4 Bc2 45. h5 gxh5 46. f4 b2 47.
f5+ Kf7 48. e6+ Kg8 49. Bxb2 Bb3 50. Ke5 Ba4 51. f6 Be8 52. Kf5 1-0

[Event "FRA T II 20102011"]
[Site "FRA"]
[Date "2010.11.14"]
[Round "3.1"]
[White "Pietrasanta, Jeremy"]
[Black "Boulard, Eric"]
[Result "1/2-1/2"]
[WhiteElo "2283"]
[BlackElo "2202"]
[PlyCount "100"]
[EventDate "2010.11.13"]
[EventType "team-match"]
[EventRounds "9"]
[EventCountry "FRA"]
[Source "FFE"]
[SourceDate "2010.10.29"]
[WhiteTeamCountry "FRA"]
[BlackTeamCountry "FRA"]

1. e4 e5 2. Bc4 c6 3. d4 Nf6 4. Qe2 d6 5. Nf3 Be7 6. dxe5 dxe5 7. a4 O-O 8. O-O
Qc7 9. a5 Nbd7 10. c3 Nc5 11. Nbd2 Ne6 12. Nb3 Bd7 13. Nh4 g6 14. Nf3 b5 15.
axb6 axb6 16. Rxa8 Rxa8 17. Ng5 Nxg5 18. Bxg5 b5 19. Bd3 Be6 20. Nd2 Ng4 21.
Bxe7 Qxe7 22. h3 Nf6 23. Nf3 Nd7 24. Qe3 f6 25. Kh1 Kg7 26. Bb1 Ra1 27. Kg1 Bb3
28. Nd2 Be6 29. Kh1 Qc5 30. Qd3 Qe7 31. b4 Nb6 32. Rd1 Nc4 33. Nxc4 Bxc4 34.
Qd2 Bb3 35. Rc1 Ra7 36. Bc2 Rd7 37. Qe3 Bxc2 38. Rxc2 Qd6 39. Ra2 Qd3 40. Ra7
Qb1+ 41. Kh2 Rxa7 42. Qxa7+ Kh6 43. Qc5 g5 44. h4 gxh4 45. Qe3+ Kg6 46. Qf3 Qc1
47. Qf5+ Kg7 48. Qf3 Kg6 49. Qg4+ Qg5 50. Qf3 Qc1 1/2-1/2

[Event "FRA T II 20102011"]
[Site "FRA"]
[Date "2010.11.14"]
[Round "3.2"]
[White "Santamaria, Jorge"]
[Black "Kirk, Ezra"]
[Result "0-1"]
[WhiteElo "2178"]
[BlackElo "2127"]
[PlyCount "92"]
[EventDate "2010.11.13"]
[EventType "team-match"]
[EventRounds "9"]
[EventCountry "FRA"]
[Source "FFE"]
[SourceDate "2010.10.29"]
[WhiteTeamCountry "FRA"]
[BlackTeamCountry "FRA"]

1. c4 Nf6 2. g3 g6 3. Bg2 Bg7 4. Nc3 O-O 5. e4 d6 6. Nge2 c5 7. O-O Nc6 8. d3
a6 9. h3 Rb8 10. a4 Bd7 11. Be3 Qb6 12. Rb1 Qb4 13. Bd2 Qb6 14. Bg5 h6 15. Be3
Qc7 16. b3 Kh7 17. Qd2 Na7 18. b4 b5 19. axb5 axb5 20. bxc5 dxc5 21. cxb5 Nxb5
22. Na4 c4 23. dxc4 Nd6 24. Nb6 Bc6 25. f3 Rfd8 26. Qc1 Nd7 27. Nd5 Bxd5 28.
cxd5 Qa5 29. Rxb8 Rxb8 30. Nd4 Qa2 31. Rf2 Qa4 32. Nc6 Rb3 33. Kh2 Nc4 34. Bd4
Nde5 35. Nxe5 Nxe5 36. Bxe5 Bxe5 37. Qc2 Qb4 38. Qa2 Kg7 39. Qa6 Qd4 40. Rf1
Bxg3+ 41. Kxg3 Qe5+ 42. Kf2 Rb2+ 43. Ke3 Qg5+ 44. f4 Qxg2 45. Qd3 Qg3+ 46. Kd4
Rb4+ 0-1

[Event "FRA T II 20102011"]
[Site "FRA"]
[Date "2010.11.14"]
[Round "3.4"]
[White "Kouptsov, Vladimir"]
[Black "Toma, Michal"]
[Result "1/2-1/2"]
[WhiteElo "2106"]
[BlackElo "2219"]
[PlyCount "90"]
[EventDate "2010.11.13"]
[EventType "team-match"]
[EventRounds "9"]
[EventCountry "FRA"]
[Source "FFE"]
[SourceDate "2010.10.29"]
[WhiteTeamCountry "FRA"]
[BlackTeamCountry "FRA"]

1. d4 d5 2. Nf3 c6 3. c4 Nf6 4. Nc3 dxc4 5. Ne5 b5 6. g3 Bb7 7. Bg2 Qb6 8. O-O
e6 9. e4 Nbd7 10. Be3 Qc7 11. f4 Rd8 12. Qe2 a6 13. g4 c5 14. d5 exd5 15. exd5
Nxe5 16. fxe5 Nxd5 17. e6 f6 18. Bxd5 Rxd5 19. Nxd5 Bxd5 20. Bf4 Bd6 21. Rad1
Bxf4 22. Rxd5 Be5 23. g5 O-O 24. Qe4 Bd4+ 25. Kh1 Re8 26. Rd7 Qe5 27. Qb7 f5
28. Re7 Rf8 29. Rf7 Re8 30. R7xf5 Qxe6 31. Qf3 Qd6 32. Qb7 Qe6 33. Qf3 h6 34.
gxh6 Qe4 35. Rf8+ Kh7 36. Rxe8 Qxe8 37. hxg7 Kxg7 38. Qb7+ Kg8 39. Qg2+ Kh8 40.
Qh3+ Kg7 41. Qg4+ Qg6 42. Qf3 Kh7 43. Qh3+ Qh6 44. Qf5+ Qg6 45. Qh3+ Qh6
1/2-1/2

[Event "FRA T II 20102011"]
[Site "FRA"]
[Date "2010.11.14"]
[Round "3.7"]
[White "Lemeille, Francois"]
[Black "Millet, Maud"]
[Result "1-0"]
[WhiteElo "2049"]
[BlackElo "1984"]
[PlyCount "85"]
[EventDate "2010.11.13"]
[EventType "team-match"]
[EventRounds "9"]
[EventCountry "FRA"]
[Source "FFE"]
[SourceDate "2010.10.29"]
[WhiteTeamCountry "FRA"]
[BlackTeamCountry "FRA"]

1. e4 d6 2. d4 Nf6 3. Nc3 Nbd7 4. f4 e5 5. Nf3 exd4 6. Qxd4 Nc5 7. Bc4 Be7 8.
Be3 O-O 9. O-O-O Be6 10. h3 c6 11. Bb3 Bxb3 12. axb3 Qc7 13. g4 Ne6 14. Qd2 Nc5
15. Qd4 Ne6 16. Qd2 Nc5 17. Bxc5 dxc5 18. e5 Rad8 19. Qe3 Nd5 20. Qe4 Nb4 21.
f5 Rfe8 22. g5 Rxd1+ 23. Rxd1 Qc8 24. Qf4 g6 25. e6 gxf5 26. exf7+ Kxf7 27.
Ne5+ Ke6 28. Nd7 Kf7 29. Qxf5+ Kg7 30. Rf1 Rf8 31. Qe5+ Kg6 32. Nxf8+ Bxf8 33.
Qf6+ Kh5 34. Qxf8 Qxf8 35. Rxf8 Kxg5 36. Rf7 h5 37. Rxb7 a6 38. Ne4+ Kh4 39.
Rh7 Nd5 40. Kd2 Nf4 41. Ke3 Nxh3 42. Nf6 Kg5 43. Rxh5+ 1-0

[Event "FRA T II 20102011"]
[Site "FRA"]
[Date "2010.11.14"]
[Round "3.1"]
[White "Keller, Christophe"]
[Black "Gouanelle, Franck"]
[Result "0-1"]
[WhiteElo "2209"]
[BlackElo "2154"]
[PlyCount "84"]
[EventDate "2010.11.13"]
[EventType "team-match"]
[EventRounds "9"]
[EventCountry "FRA"]
[Source "FFE"]
[SourceDate "2010.10.29"]
[WhiteTeamCountry "FRA"]
[BlackTeamCountry "FRA"]

1. e4 c5 2. Nc3 Nc6 3. f4 g6 4. Nf3 Bg7 5. Bb5 Nd4 6. O-O Nxb5 7. Nxb5 Nh6 8.
d3 f5 9. Qe2 a6 10. Nc3 b5 11. Be3 d6 12. e5 O-O 13. d4 b4 14. Na4 Bd7 15. b3
Bb5 16. Qd2 Bxf1 17. Rxf1 cxd4 18. Qxd4 Nf7 19. Qxb4 dxe5 20. fxe5 e6 21. Nc5
Re8 22. Qc4 Qd5 23. Qxd5 exd5 24. e6 Nd8 25. Rd1 Nxe6 26. Rxd5 Nxc5 27. Bxc5
Rad8 28. Rxd8 Rxd8 29. c4 Rd1+ 30. Kf2 Rb1 31. Nd4 Rb2+ 32. Kf3 Bxd4 33. Bxd4
Rxa2 34. b4 Kf7 35. h4 Rc2 36. c5 Rc4 37. Be5 Rxb4 38. c6 Rc4 39. c7 Ke6 40.
Bf4 Kd7 41. g4 fxg4+ 42. Kxg4 a5 0-1

[Event "FRA T II 20102011"]
[Site "FRA"]
[Date "2010.11.14"]
[Round "3.7"]
[White "Eid, Amine"]
[Black "Martinez, Rodolphe"]
[Result "1-0"]
[WhiteElo "1917"]
[BlackElo "1881"]
[PlyCount "69"]
[EventDate "2010.11.13"]
[EventType "team-match"]
[EventRounds "9"]
[EventCountry "FRA"]
[Source "FFE"]
[SourceDate "2010.10.29"]
[WhiteTeamCountry "FRA"]
[BlackTeamCountry "FRA"]

1. e4 d5 2. exd5 Qxd5 3. c4 Qd4 4. Nf3 Qd8 5. d4 c6 6. Nc3 Bg4 7. Be2 e6 8. O-O
Nf6 9. Bf4 Be7 10. Qd2 O-O 11. Rfd1 Na6 12. a3 Bd6 13. b4 Bxf4 14. Qxf4 Qc7 15.
Ne5 Bxe2 16. Nxe2 Rac8 17. Nc3 Rfd8 18. Rac1 Qe7 19. Rd3 Nb8 20. Re1 Nbd7 21.
d5 cxd5 22. cxd5 Rxc3 23. d6 Qe8 24. Rxc3 Nd5 25. Qd4 Nxc3 26. Qxc3 Nxe5 27.
Qxe5 Qc6 28. Rd1 h6 29. h3 a6 30. Qc5 Kf8 31. Rd3 Qxc5 32. bxc5 Ke8 33. Rg3 g6
34. Rb3 Rd7 35. Kf1 1-0

[Event "FRA T II 20102011"]
[Site "FRA"]
[Date "2010.11.14"]
[Round "3.5"]
[White "Kambrath, Yannick"]
[Black "Lucas, Jean Christian"]
[Result "1-0"]
[WhiteElo "2044"]
[BlackElo "2110"]
[PlyCount "65"]
[EventDate "2010.11.13"]
[EventType "team-match"]
[EventRounds "9"]
[EventCountry "FRA"]
[Source "FFE"]
[SourceDate "2010.10.29"]
[WhiteTeamCountry "FRA"]
[BlackTeamCountry "FRA"]

1. d4 Nf6 2. c4 g6 3. Nc3 d5 4. Bf4 Bg7 5. e3 c5 6. dxc5 Qa5 7. Rc1 O-O 8. cxd5
Ne4 9. Nge2 Nxc5 10. a3 Ne4 11. f3 Nxc3 12. Nxc3 Nd7 13. Be2 Nb6 14. e4 Na4 15.
Bd2 Nxc3 16. Bxc3 Bxc3+ 17. Rxc3 Bd7 18. Qb3 Rfc8 19. Qb4 Qd8 20. O-O a5 21.
Qd4 b5 22. Rfc1 Rcb8 23. Rc7 b4 24. e5 bxa3 25. bxa3 Rb3 26. d6 exd6 27. exd6
Rxa3 28. Bc4 Ra4 29. Qe5 Rb8 30. Bd5 Rb5 31. Bxf7+ Kxf7 32. Qxb5 Ke6 33. Rxd7
1-0

[Event "FRA T II 20102011"]
[Site "FRA"]
[Date "2010.11.14"]
[Round "3.3"]
[White "Samoun, Florent"]
[Black "Mandarin, Vitomir"]
[Result "1-0"]
[WhiteElo "2155"]
[BlackElo "2173"]
[PlyCount "65"]
[EventDate "2010.11.13"]
[EventType "team-match"]
[EventRounds "9"]
[EventCountry "FRA"]
[Source "FFE"]
[SourceDate "2010.10.29"]
[WhiteTeamCountry "FRA"]
[BlackTeamCountry "FRA"]

1. e4 c5 2. Nc3 Nc6 3. g3 Nf6 4. Bg2 e6 5. d3 Be7 6. f4 d6 7. Nf3 Qc7 8. O-O a6
9. h3 Rb8 10. g4 h6 11. Ne2 b5 12. Be3 Bb7 13. Ng3 Rc8 14. Qd2 d5 15. e5 d4 16.
exf6 dxe3 17. fxg7 Rg8 18. Qxe3 Nd4 19. Qd2 Bxf3 20. Bxf3 Rxg7 21. Bg2 Rg8 22.
c3 Nf5 23. Nh5 Nh4 24. Rae1 Rd8 25. f5 Bg5 26. Qe2 Rd6 27. Qf2 Nxg2 28. Qxg2
Rxd3 29. fxe6 f6 30. e7 Kf7 31. e8=Q+ Rxe8 32. Rxe8 Kxe8 33. Qe4+ 1-0

[Event "FRA T II 20102011"]
[Site "FRA"]
[Date "2010.11.14"]
[Round "3.4"]
[White "Delafargue, Bertrand"]
[Black "Orozco, Rafael"]
[Result "0-1"]
[WhiteElo "2097"]
[BlackElo "2036"]
[PlyCount "64"]
[EventDate "2010.11.13"]
[EventType "team-match"]
[EventRounds "9"]
[EventCountry "FRA"]
[Source "FFE"]
[SourceDate "2010.10.29"]
[WhiteTeamCountry "FRA"]
[BlackTeamCountry "FRA"]

1. Nf3 d5 2. c4 e6 3. g3 Nf6 4. Bg2 Be7 5. b3 O-O 6. O-O c5 7. e3 Nc6 8. Bb2
Qb6 9. Na3 Rd8 10. Qe2 a6 11. Rfd1 Qa5 12. d3 b5 13. Nc2 Bb7 14. a3 Qb6 15.
Rab1 h6 16. cxd5 Nxd5 17. d4 cxd4 18. Ncxd4 Bf6 19. Nxc6 Bxc6 20. Ne5 Rac8 21.
Bd4 Nc3 22. Qh5 Rxd4 23. Qxf7+ Kh8 24. exd4 Bxg2 25. Kxg2 Nxb1 26. Rxb1 Qxd4
27. Qxe6 Qe4+ 28. Kh3 Qxb1 29. Qxc8+ Kh7 30. f4 Qf1+ 31. Kg4 h5+ 32. Kxh5 Qe2+
0-1

[Event "FRA T II 20102011"]
[Site "FRA"]
[Date "2010.11.14"]
[Round "3.6"]
[White "Chaumont, Philippe"]
[Black "Bensaid, Alexandre"]
[Result "1-0"]
[WhiteElo "2051"]
[BlackElo "1999"]
[PlyCount "53"]
[EventDate "2010.11.13"]
[EventType "team-match"]
[EventRounds "9"]
[EventCountry "FRA"]
[Source "FFE"]
[SourceDate "2010.10.29"]
[WhiteTeamCountry "FRA"]
[BlackTeamCountry "FRA"]

1. d4 Nf6 2. c4 e6 3. Nf3 c5 4. d5 exd5 5. cxd5 d6 6. Nc3 g6 7. e4 Bg7 8. h3
O-O 9. Bd3 Na6 10. O-O Nc7 11. Re1 a6 12. a4 b6 13. Bc4 Rb8 14. e5 dxe5 15.
Nxe5 Bb7 16. d6 Ne6 17. Nxf7 Rxf7 18. Bxe6 Bc6 19. Bxf7+ Kxf7 20. Re7+ Kf8 21.
Qb3 Be8 22. Qe6 Qc8 23. d7 Nxd7 24. Bf4 Nf6 25. Bxb8 Qxb8 26. Ne4 Qd8 27. Nxf6
1-0

[Event "FRA T II 20102011"]
[Site "FRA"]
[Date "2010.10.17"]
[Round "1.3"]
[White "Samoun, Florent"]
[Black "Medghoul, Sherif"]
[Result "0-1"]
[WhiteElo "2161"]
[BlackElo "2220"]
[PlyCount "44"]
[EventDate "2010.11.13"]
[EventType "team-match"]
[EventRounds "9"]
[EventCountry "FRA"]
[Source "FFE"]
[SourceDate "2010.10.29"]
[WhiteTeamCountry "FRA"]
[BlackTeamCountry "FRA"]

1. e4 e6 2. b3 d5 3. Bb2 dxe4 4. Nc3 Nf6 5. Qe2 Bb4 6. O-O-O Qe7 7. Kb1 e5 8.
Nxe4 Nc6 9. Nxf6+ gxf6 10. g3 Ba3 11. Bg2 a5 12. Qb5 O-O 13. Bxc6 bxc6 14. Qa4
Bxb2 15. Kxb2 c5 16. Ne2 Be6 17. d3 Rfb8 18. Qh4 a4 19. Nc3 c4 20. dxc4 axb3
21. cxb3 Qb4 22. Qxf6 Rxa2+ 0-1

[Event "FRA T II 20102011"]
[Site "FRA"]
[Date "2010.11.14"]
[Round "2.2"]
[White "Ladrat, Matthieu"]
[Black "Boudre, Jean Pierre"]
[Result "1/2-1/2"]
[WhiteElo "2212"]
[BlackElo "2312"]
[PlyCount "87"]
[EventDate "2010.11.13"]
[EventType "team-match"]
[EventRounds "9"]
[EventCountry "FRA"]
[Source "FFE"]
[SourceDate "2010.10.29"]
[WhiteTeamCountry "FRA"]
[BlackTeamCountry "FRA"]

1. d4 Nf6 2. Bg5 Ne4 3. Bf4 d5 4. Nd2 c5 5. Nxe4 dxe4 6. dxc5 Qa5+ 7. c3 Qxc5
8. Bxb8 Rxb8 9. Qa4+ Bd7 10. Qxe4 e5 11. Nf3 f6 12. e3 b5 13. Be2 Be7 14. O-O
O-O 15. Rfd1 Be6 16. a3 a5 17. Rac1 Rfd8 18. Rxd8+ Rxd8 19. Qb7 b4 20. axb4
axb4 21. Qxb4 Qxb4 22. cxb4 Bxb4 23. Kf1 Kf8 24. Bc4 Bg4 25. Ne1 Bf5 26. b3 Rd2
27. Nf3 Rb2 28. Ne1 Rd2 29. Ra1 Bc3 30. Nf3 Rxf2+ 31. Kxf2 Bxa1 32. Nd2 Ke7 33.
e4 Bd7 34. Ke3 Kd6 35. Kd3 Kc5 36. Nf1 Bd4 37. Ng3 g6 38. Ne2 Bf2 39. Nc3 Bc6
40. Bg8 h6 41. Bf7 g5 42. Bc4 h5 43. Nd5 Bxd5 44. Bxd5 1/2-1/2

[Event "FRA T II 20102011"]
[Site "FRA"]
[Date "2010.11.14"]
[Round "2.7"]
[White "Ternault, Mathieu"]
[Black "Auguin, Florian"]
[Result "1-0"]
[WhiteElo "2076"]
[BlackElo "1629"]
[PlyCount "87"]
[EventDate "2010.11.13"]
[EventType "team-match"]
[EventRounds "9"]
[EventCountry "FRA"]
[Source "FFE"]
[SourceDate "2010.10.29"]
[WhiteTeamCountry "FRA"]
[BlackTeamCountry "FRA"]

1. d4 d5 2. c4 e6 3. Nc3 Be7 4. cxd5 exd5 5. Bf4 a6 6. e3 Nf6 7. Bd3 O-O 8.
Nge2 Nbd7 9. O-O Nb6 10. Rc1 Be6 11. Qc2 h6 12. f3 Nh5 13. Be5 Bd6 14. Bxd6
Qxd6 15. e4 dxe4 16. Nxe4 Qd8 17. Qxc7 Qxc7 18. Rxc7 Rab8 19. a3 Nd5 20. Rc5
Nhf4 21. Nxf4 Nxf4 22. Rd1 Rfd8 23. Bc4 b6 24. Rc7 Nd5 25. Bxd5 Bxd5 26. Kf2
Rbc8 27. Rxc8 Rxc8 28. Ke3 Rc2 29. Rd2 Rc6 30. Nc3 Re6+ 31. Kf4 Bb7 32. d5 Rd6
33. Ke5 Rd8 34. Na4 f6+ 35. Ke6 Kf8 36. Nxb6 Bc8+ 37. Nxc8 Rxc8 38. d6 Re8+ 39.
Kd7 Ra8 40. Kc7 Ra7+ 41. Kb6 Rd7 42. Kc6 Ke8 43. Re2+ Kd8 44. Re7 1-0

[Event "FRA T II 20102011"]
[Site "FRA"]
[Date "2010.11.14"]
[Round "2.8"]
[White "Legoupil, Benoit"]
[Black "Desgranges, Christophe"]
[Result "1-0"]
[WhiteElo "1748"]
[BlackElo "1700"]
[PlyCount "77"]
[EventDate "2010.11.13"]
[EventType "team-match"]
[EventRounds "9"]
[EventCountry "FRA"]
[Source "FFE"]
[SourceDate "2010.10.29"]
[WhiteTeamCountry "FRA"]
[BlackTeamCountry "FRA"]

1. e4 e5 2. Bc4 Nf6 3. d3 Nc6 4. Nf3 Bc5 5. Nc3 d6 6. Bg5 h6 7. Bxf6 Qxf6 8.
Nd5 Qd8 9. c3 Bg4 10. b4 Bb6 11. h3 Bh5 12. g4 Bg6 13. Qb3 O-O 14. a4 a5 15. b5
Nb8 16. Nxb6 cxb6 17. h4 Qf6 18. Ke2 h5 19. Nh2 Nd7 20. Rag1 Nc5 21. Qa2 Rae8
22. f3 Ne6 23. gxh5 Bxh5 24. Ng4 Nf4+ 25. Ke1 Bxg4 26. Rxg4 Nh5 27. Qf2 Qd8 28.
Rg5 Nf4 29. Qg3 Qf6 30. Rg1 Kh8 31. h5 Qh6 32. Qg4 f6 33. Rxg7 Nxd3+ 34. Bxd3
Qe3+ 35. Be2 Qxc3+ 36. Kf1 Qc1+ 37. Kg2 Qd2 38. Qg6 Qxe2+ 39. Kg3 1-0